000 00812nam a22002057a 4500
999 _c100280
_d100280
008 201130b ||||| |||| 00| 0 eng d
040 _bger
_cDE-2950
_erda
_aDE-2950
041 _ager
100 _aSchröder, Dietrich:
245 _aErste Lockerungen für den Grenzverkehr mit Polen.
_bPandemie: Reisende können seit Donnerstag ohne Quarantäne die Seiten wechseln - aber nur als Geimpfte, Genesene oder Getestete /
_cDietrich Schröder
653 _aFrankfurt (Oder)
653 _aSlubice / Polen
653 _aGrenzverkehr
653 _aPandemie / Corona
773 _dFrankfurt (Oder): Märkisches Verlags- und Druckhaus GmbH & Co KG
_g32. Jahrgang (2021) Nr. 110 vom 14.05.2021, S. 1
_tMärkische Oderzeitung
942 _cA